[Event "Rubinstein Memorial"]
[Site "Polanica Zdroj"]
[Date "1993.??.??"]
[Round "1"]
[White "Sax, Gyula"]
[Black "Markowski, Tomasz"]
[Result "1-0"]
[WhiteElo "2515"]
[BlackElo "2465"]
[Annotator "Ftacnik,L"]
[PlyCount "57"]
[EventDate "1993.08.??"]
[EventType "tourn"]
[EventRounds "11"]
[EventCountry "POL"]
[EventCategory "13"]
[SourceTitle "CBM 037"]
[Source "ChessBase"]
[SourceDate "1993.12.01"]
[SourceVersion "1"]
[SourceVersionDate "1993.12.01"]
[SourceQuality "1"]

1. e4 c5 2. Nf3 e6 3. d4 cxd4 4. Nxd4 Nf6 5. Nc3 d6 6. g4 Be7 7. Be3 Nc6 8. h3
O-O 9. Qe2 a6 10. O-O-O Qc7 11. Bg2 Re8 12. f4 Rb8 13. g5 Nd7 14. h4 Nxd4 15.
Bxd4 b5 16. g6 $1 fxg6 (16... hxg6 17. h5 g5 18. h6 $16) 17. h5 Bf8 18. hxg6 h6
19. e5 Bb7 (19... d5 20. f5 $1 $16 (20. Nxd5 exd5 21. Bxd5+ Kh8 22. e6 Nf6 23.
Rxh6+ gxh6 24. Bxf6+ Bg7 25. Qh2 Bxe6 26. Qxh6+ Kg8 $17)) 20. Bxb7 Qxb7 21. Ne4
dxe5 22. fxe5 Qc7 23. Qf2 Re7 (23... Nxe5 $2 24. Bxe5 Qxe5 25. Qf7+ Kh8 26.
Rxh6+ gxh6 27. Qh7#) 24. Nf6+ $1 Kh8 (24... gxf6 25. exf6 Nxf6 26. Bxf6 Rd7 27.
Rxd7 Qxd7 28. g7 Bxg7 (28... Be7 29. Rxh6 $18) 29. Rg1 Rf8 30. Qd4 $1 Qxd4 31.
Rxg7+ Kh8 32. Bxd4 $18) 25. Rdf1 Nxe5 26. Bxe5 Qxe5 27. Nd7 $1 Qg5+ (27... Rxd7
28. Qxf8+) 28. Kb1 Qxg6 29. Nxb8 1-0

[Event "Smartchess.com 2nd"]
[Site "New York"]
[Date "2001.10.15"]
[Round "9"]
[White "Krush, Irina"]
[Black "Novikov, Igor A"]
[Result "0-1"]
[WhiteElo "2411"]
[BlackElo "2593"]
[Annotator "Ftacnik,L"]
[PlyCount "76"]
[EventDate "2001.10.07"]
[EventType "tourn"]
[EventRounds "9"]
[EventCountry "USA"]
[EventCategory "10"]
[SourceTitle "CBM 086"]
[Source "ChessBase"]
[SourceDate "2002.02.05"]
[SourceVersion "1"]
[SourceVersionDate "2002.02.05"]
[SourceQuality "1"]

1. e4 c5 2. Nf3 d6 3. d4 cxd4 4. Nxd4 Nf6 5. Nc3 a6 6. Be3 e6 7. g4 e5 8. Nf5
g6 9. g5 gxf5 10. exf5 d5 11. Qf3 d4 12. O-O-O Nbd7 13. Bd2 dxc3 14. Bxc3 Ng8
$5 {[%mdl 4] Novikov comes up with new opening plan, black believes that two
extra knights leave him enormous room in the defense.} (14... Bg7 15. Rg1 O-O
16. gxf6 Qxf6 17. Qe3 Kh8 18. f4 Qb6 19. Qg3 Qh6 20. Rd6 f6 21. Bd2 e4 22. Bc4
{1-0 Polgar,J-Anand,V/Dos Hermanas/1999/ (34)}) (14... Qc7 15. Bd3 Bd6 (15...
Qb6 16. Rhe1 Bb4 17. Bxb4 Qxb4 18. gxf6 Qh4 19. Be4 Qh6+ 20. Kb1 Qxf6 21. Bxb7
Bxb7 22. Qxb7 Rd8 23. f4 {1/2-1/2 Palac,M-Pinter,J/Pula 2000/ (53)}) 16. Rhe1
Rg8 17. gxf6 Nxf6 18. Bc4 Nd7 19. Bxf7+ Kxf7 20. Qh5+ Kg7 21. Rg1+ Kh8 22.
Rxg8+ Kxg8 23. Qe8+ Nf8 24. Rg1+ Kh8 25. Bxe5+ {1-0 Solovjov,S-Biriukov,O/St
Petersburg/1999/ (25)}) (14... Qb6 15. gxf6 Bb4 16. Bc4 Bxc3 17. Bxf7+ Kxf7 18.
Qh5+ Kxf6 19. Qh6+ Kxf5 20. Qh3+ Kg6 21. Rhg1+ Kf7 22. Rxd7+ Ke8 23. Qxc3 Kxd7
24. Qxe5 Qe6 25. Rd1+ Kc6 26. Qxh8 b6 27. Qxh7 Bd7 {1/2-1/2 Nijboer,F-Van Wely,
L/Rotterdam/1999/ (34)}) 15. Rg1 (15. Bxe5 $2 Qxg5+ 16. Bf4 Qxf5 $19) 15... Ne7
16. Bxe5 Nxe5 (16... Rg8 $5 17. f6 Qa5 18. fxe7 Bxe7 $19) 17. Rxd8+ Kxd8 18.
Qe4 (18. Qc3 N7c6 19. f4 Bb4 20. Qb3 Bc5 $17) (18. Qf4 N7c6 19. Bg2 Bd7 $17)
18... N5c6 19. Bh3 (19. f6 Nf5 20. Bd3 Be6 $19) 19... h6 {Black is
underdeveloped, but for the queen stores rook and three light pieces.} 20. Rd1+
(20. g6 fxg6 21. Qd3+ Ke8 22. f6 Ne5 (22... Bxh3 23. fxe7 Bxe7 24. Qxh3 g5 $17)
23. Qe4 Bxh3 24. Qxe5 Kf7 25. Qe3 (25. fxe7 Bxe7 26. Re1 Rhe8 27. Qd5+ Kf8 $17)
25... Bf5 26. Qb3+ Kxf6 27. Qc3+ Kf7 28. Qxh8 Rc8 29. Qd4 Rxc2+ 30. Kd1 Bg7 $19
) 20... Ke8 21. Bg4 (21. gxh6 Bxh6+ 22. Kb1 Bg7 $19) 21... hxg5 22. f6 Bxg4 23.
Qxg4 (23. fxe7 Bxd1 24. exf8=Q+ Kxf8 25. Kxd1 Rd8+ 26. Kc1 Rxh2 $19) 23... Rd8
(23... Ne5 24. Qe4 N7c6 25. Rd5 Rd8 26. Rxe5+ Nxe5 27. Qxe5+ Kd7 28. Qd5+ Kc8
29. Qxf7 Rxh2 $19) 24. Rxd8+ Kxd8 25. fxe7+ Bxe7 26. Qf5 {White queen will be
completelu helpless against coordinated action of black pieces.} (26. h3 Rh4
$19) 26... f6 27. h3 Rh4 28. c3 Rf4 29. Qd3+ Kc7 30. Qe3 Ne5 31. Kc2 Rf3 32.
Qd4 Rxh3 33. b4 Rh4 34. Qe3 Rf4 35. a4 Bd6 36. a5 Nc4 $1 37. Qe2 Be5 38. Kb3
Nd6 (38... Nd6 39. Qc2 Rc4 $19) 0-1

[Event "YUG-ch 56th"]
[Site "Herceg Novi"]
[Date "2001.03.31"]
[Round "8"]
[White "Pikula, Dejan"]
[Black "Ilincic, Zlatko"]
[Result "1-0"]
[WhiteElo "2513"]
[BlackElo "2542"]
[Annotator "Ftacnik,L"]
[PlyCount "67"]
[EventDate "2001.03.23"]
[EventType "tourn"]
[EventRounds "15"]
[EventCountry "YUG"]
[EventCategory "10"]
[SourceTitle "CBM 083"]
[Source "ChessBase"]
[SourceDate "2001.07.05"]
[SourceVersion "1"]
[SourceVersionDate "2001.07.05"]
[SourceQuality "1"]

1. e4 c5 2. Nf3 d6 3. d4 cxd4 4. Nxd4 Nf6 5. Nc3 a6 6. Be3 e6 7. g4 h6 8. Bg2
e5 9. Nf5 Be6 10. h3 (10. Qe2 Nbd7 11. O-O-O Qc7 12. f4 g6 13. Ng3 Bxg4 14. Bf3
Bxf3 15. Qxf3 Be7 16. Kb1 b5 17. Rhf1 Rc8 {0-1 Todorovic,G-Ilincic,Z/Subotica/
2000/ (51)}) 10... g6 11. Ng3 (11. Nxh6 $5 Bxh6 12. g5 Bf8 13. gxf6 Nd7 14. Nd5
$14) 11... Nbd7 12. Nd5 Bxd5 (12... Rc8 13. Qd2 Bxd5 14. exd5 Qc7 15. c3 Nb6
16. b3 $14) 13. exd5 Rc8 14. Qd2 h5 (14... Qc7 $5) 15. g5 h4 (15... Nh7 16.
O-O-O $16) 16. gxf6 hxg3 17. fxg3 Nxf6 18. O-O-O Be7 {Ilincic consequently
defends this unusual line, but white' chances should be prefered. Two bishops,
open f file and unstable location of black's king all promise Pikula solid
advantage.} (18... Nh5 19. g4 Nf4 20. Bxf4 exf4 21. Qd4 Rh7 22. Qa4+ Qd7 23.
Rhe1+ Kd8 24. Qxf4 {1-0 Todorovic,G-Ilincic,Z/Herceg Novi/2001/ (33)}) (18...
Ng8 $5 19. g4 f5 20. Rde1 Bh6 21. g5 Bg7 $13) 19. Kb1 Qc7 (19... Nh5 20. g4 Nf4
21. Bxf4 exf4 22. Qxf4 $16) 20. Rhf1 Qc4 21. Qf2 Rh7 22. b3 Qc7 (22... Qc3 23.
Rd3 Qc7 24. c4 $16) 23. c4 Nd7 24. h4 f5 (24... Kd8 25. h5 $1 gxh5 26. Be4 Rg7
27. Bh6 Rg4 28. Qxf7 $16) 25. h5 $1 {[%mdl 128] Original and very efficient
way to open up black's kingside, the monarch on e8 is doomed.} Rxh5 26. g4 Rh2
(26... fxg4 27. Qf7+ Kd8 28. Qg8+ Nf8 29. Rxf8+ Bxf8 30. Qxf8+ Kd7 31. Qf7+ Kd8
32. Qg8+ Kd7 33. Qe6+ Kd8 34. Rf1 $18) 27. gxf5 gxf5 28. Qxf5 $1 Qa5 (28...
Rxg2 29. Qf3 Rg7 (29... Rh2 30. Qf7+ Kd8 31. Qg8+ Nf8 32. Rxf8+ Bxf8 33. Qxf8+
Kd7 34. Qf7+ Kd8 35. Bg5+ $18) 30. Qh5+ Kd8 31. Qh8+ $18) 29. Bg5 $1 {This
small combination crowns white achievement, black will get no time for his
counterplay.} Bxg5 (29... Rxg2 30. Qg6+ Kd8 31. Bxe7+ Kxe7 32. Rf7+ Kd8 33.
Qxg2 $18) 30. Qxg5 Rxg2 (30... Nc5 31. Qg8+ Kd7 32. Rf7#) 31. Qxg2 Kd8 32. Rf7
Kc7 33. Rxd7+ Kxd7 34. Qg7+ (34. Qg7+ Kd8 35. Rh1 $18) 1-0

[Event "Olympiad-36"]
[Site "Mallorca"]
[Date "2004.10.23"]
[Round "8"]
[White "Hracek, Zbynek"]
[Black "Solak, Dragan"]
[Result "1/2-1/2"]
[WhiteElo "2595"]
[BlackElo "2563"]
[Annotator "Ftacnik,L"]
[PlyCount "94"]
[EventDate "2004.10.15"]
[EventType "team-swiss"]
[EventRounds "14"]
[EventCountry "ESP"]
[SourceTitle "CBM 104"]
[Source "ChessBase"]
[SourceDate "2005.01.27"]
[SourceVersion "1"]
[SourceVersionDate "2005.01.27"]
[SourceQuality "1"]
[WhiteTeam "Czech Republic"]
[BlackTeam "Yugoslavia"]
[WhiteTeamCountry "CZE"]
[BlackTeamCountry "YUG"]

1. e4 c5 2. Nf3 d6 3. d4 cxd4 4. Nxd4 Nf6 5. Nc3 a6 6. Be3 e6 7. g4 e5 8. Nf5
h5 9. g5 Nxe4 10. Nxg7+ Bxg7 11. Nxe4 d5 12. Ng3 d4 13. Bd2 Qd5 14. Rg1 Bg4 15.
Be2 Nd7 16. Bxg4 hxg4 17. Qxg4 Rxh2 18. Qe4 {[%mdl 4] The result of the
opening is positive for Black, apart from strong control of the center his
pieces are well developed.} (18. Bb4 $6 Rc8 (18... Qb5 $1 19. a3 Bf8 $17) 19.
Nf5 Rxc2 20. Nxg7+ Kd8 21. g6 Rhxf2 22. gxf7 Kc7 23. Ne6+ Kb6 24. f8=Q Nxf8 25.
Nxf8 Qb5 {0-1 Koch,J-Andruet,G/Marseille 1989/ (34)}) 18... Qxe4+ 19. Nxe4 Ke7
20. O-O-O Rc8 (20... Rah8 21. c3 Ke6 22. cxd4 exd4 23. Rge1 Kd5 $15) 21. Rge1
Ke6 22. Bb4 Bf8 (22... Rc6 23. Rh1 Rxh1 24. Rxh1 Bf8 25. Bxf8 Nxf8 $15) 23.
Bxf8 Nxf8 24. c3 dxc3 (24... Ng6 25. Kb1 dxc3 26. Rd6+ Ke7 27. bxc3 $11) 25.
bxc3 (25. Rd6+ $6 Ke7 26. bxc3 Rxc3+ $15) 25... Rc6 26. Rd8 {Hracek has
managed to equalise the chances.} Ng6 (26... Nd7 27. Re8+ Kf5 28. Re7 Nc5 29.
Rxf7+ Kg6 30. Rf3 Rg2 $11) 27. Kc2 Rh4 (27... b5 28. Kb3 Kf5 29. Rd7 Rh7 $11)
28. a4 Kf5 29. f3 Rh2+ 30. Kb3 (30. Rd2 Rxd2+ 31. Kxd2 Kf4 $15) 30... Rb6+ 31.
Ka3 $6 (31. Kc4 $5 Ra2 32. Kc5 Rab2 33. Rc8 $11) 31... Rhb2 32. a5 R6b3+ 33.
Ka4 b5+ 34. axb6 Rxb6 35. Ka3 {[%mdl 4096] White is once again fighting in a
slightly worse position.} (35. Ra1 Nh4 $15) 35... R6b3+ 36. Ka4 Rb6 37. Ka3 Kf4
38. Rd7 Rb7 (38... Kxf3 39. Rxf7+ Nf4 40. Nc5 R2b5 41. Rxe5 Ra5+ 42. Na4 Rxe5
43. Nxb6 Rxg5 $11) 39. Rxb7 (39. Rxf7+ $1 Rxf7 40. Kxb2 Re7 41. Ra1 Kxf3 $11)
39... Rxb7 40. c4 Kxf3 41. Nd6 Rc7 42. Rf1+ $6 (42. Kb4 Kg4 43. Rg1+ Kh5 44.
Ne8 $11) 42... Kg4 43. Nxf7 (43. Rxf7 $2 Rxf7 44. Nxf7 e4 $19) 43... e4 (43...
Rxc4 44. Rf6 Rf4 45. Nxe5+ Nxe5 46. Rxa6 $11) 44. Nd6 e3 45. Re1 Re7 $2 ({
Solak is missing the chance to make his opponent suffer in the inferior
endgame position after} 45... Kf4 $1 46. Kb3 Ne5 $17) 46. c5 e2 (46... Nf4 47.
c6 e2 48. g6 $11) 47. c6 Rc7 1/2-1/2

[Event "Bundesliga 0405"]
[Site "Germany"]
[Date "2004.11.26"]
[Round "7.5"]
[White "Brueggemann, Joachim"]
[Black "Fish, Gennadij"]
[Result "1/2-1/2"]
[WhiteElo "2404"]
[BlackElo "2523"]
[Annotator "Ftacnik,L"]
[PlyCount "53"]
[EventDate "2004.11.12"]
[EventType "team-tourn"]
[EventRounds "15"]
[EventCountry "GER"]
[SourceTitle "CBM 105"]
[Source "ChessBase"]
[SourceDate "2005.04.11"]
[SourceVersion "1"]
[SourceVersionDate "2005.04.11"]
[SourceQuality "1"]
[WhiteTeam "Erfurt"]
[BlackTeam "Werder Bremen"]
[WhiteTeamCountry "GER"]
[BlackTeamCountry "GER"]

1. e4 c5 2. Nf3 e6 3. d4 cxd4 4. Nxd4 Nf6 5. Nc3 d6 6. g4 e5 7. Bb5+ Bd7 8.
Bxd7+ Qxd7 9. Nf5 h5 10. g5 Nxe4 11. Nxg7+ Bxg7 12. Nxe4 d5 13. Nc3 e4 14. Nxd5
Nc6 15. Be3 {White faces an uneasy task of coping with speedily developing
black pieces.} (15. Nf6+ Bxf6 16. Qxd7+ Kxd7 17. gxf6 Nd4 18. Kd1 Ke6 19. Be3
Nf3 20. Ke2 Kxf6 21. Rad1 Ke6 22. Bf4 Rhd8 23. Ke3 f5 {Formanek,E-Suba,M/
Hastings 1990/ 0-1 (46)}) 15... O-O-O (15... Rd8 $5 16. Nf6+ (16. c4 Ne5 17.
Bxa7 (17. Qe2 Nd3+ 18. Kf1 Qh3+ 19. Kg1 Ne5 $19) 17... Nxc4 $17) 16... Bxf6 17.
Qxd7+ Kxd7 18. O-O-O+ Ke6 19. gxf6 Kxf6 $15) 16. c4 Bxb2 (16... Ne5 17. Bxa7 $1
Qh3 (17... Nxc4 18. Nb6+ Nxb6 19. Rc1+ $18) 18. Qb3 $14) 17. Rb1 Ne5 18. Qc2 {
The position is extremely sharp, each move can be crucial.} (18. Bxa7 Bc3+ $1
19. Nxc3 Nd3+ 20. Ke2 (20. Kf1 Qh3+ 21. Kg1 Nf4 $19) 20... Qg4+ $19) 18... Nf3+
(18... Nd3+ 19. Kd2 Ba3 20. Qb3 $14) 19. Kd1 (19. Kf1 $2 Qh3+ 20. Ke2 Nd4+ 21.
Bxd4 Qf3+ 22. Kd2 Bxd4 $17) 19... Bd4 20. Qxe4 Bxe3 21. Qxe3 (21. Qxf3 Bxg5 22.
Kc2 $11) 21... Qa4+ 22. Rb3 (22. Qb3 $2 Rxd5+ $1 23. cxd5 Qd4+ 24. Ke2 Re8+ $19
) 22... Nd4 $1 {[%mdl 64] Very original combination, that is leading to a
balanced position with rooks against queen.} (22... Qxc4 $2 23. Rc3 Rxd5+ 24.
Kc1 Rc5 25. Qxc5+ Qxc5 26. Rxc5+ $18) 23. Qxd4 (23. Qe5 Rxd5 $1 24. cxd5 Rd8
$11) 23... Rxd5 24. Qxd5 Rd8 25. Qxd8+ Kxd8 26. Re1 Qxc4 (26... Qxa2 $5 27.
Rd3+ Kc7 28. Re7+ Kc6 29. Rxf7 Qb1+ 30. Ke2 Qc2+ 31. Ke3 Qc1+ $11) 27. Re2 (27.
Re2 Qf4 28. Rd2+ Ke8 29. h3 b6 $14) 1/2-1/2

[Event "Copenhagen Open-04 (Politiken Cup-03)"]
[Site "Copenhagen"]
[Date "1982.06.??"]
[Round "6"]
[White "Hazai, Laszlo"]
[Black "Fedder, Steen"]
[Result "0-1"]
[WhiteElo "2450"]
[BlackElo "2420"]
[Annotator "Ftacnik,L"]
[PlyCount "52"]
[EventDate "1982.06.??"]
[EventType "swiss"]
[EventRounds "10"]
[EventCountry "DEN"]
[SourceTitle "EXT 2000"]
[Source "ChessBase"]
[SourceDate "1999.11.16"]
[SourceVersion "1"]
[SourceVersionDate "1999.11.16"]
[SourceQuality "1"]

1. e4 c5 2. Nf3 d6 3. d4 cxd4 4. Nxd4 Nf6 5. Nc3 a6 6. Be3 e6 7. g4 h6 8. Qf3
Nc6 9. Rg1 Bd7 10. O-O-O Be7 $2 (10... b5 11. a3 Rc8) 11. h4 g6 (11... h5) 12.
g5 hxg5 13. hxg5 Nh5 14. Qe2 e5 15. Nf3 Rc8 16. Nd5 Be6 17. Nb6 $2 Rc7 18. a3
O-O 19. Rh1 Nd4 $1 20. Nxd4 exd4 21. Rxd4 $2 (21. Bxd4) 21... Bxg5 22. e5 $2
Rxc2+ $1 23. Qxc2 Qxb6 24. Kb1 (24. Rxd6 Bxe3+ 25. fxe3 Qxe3+ 26. Kb1 Qxe5)
24... Bxe3 25. fxe3 Rc8 26. Bc4 $2 (26. Rxd6 $1 Qxe3 27. Qd1) 26... Bf5 (26...
Bf5 27. Qxf5 gxf5 28. Rxh5 dxe5 29. Rdh4 Qf6) 0-1

[Event "HUN-ch 54th"]
[Site "Budapest"]
[Date "2004.08.21"]
[Round "3"]
[White "Acs, Peter"]
[Black "Berkes, Ferenc"]
[Result "1-0"]
[WhiteElo "2545"]
[BlackElo "2614"]
[Annotator "Ftacnik,L"]
[PlyCount "43"]
[EventDate "2004.08.19"]
[EventType "tourn"]
[EventRounds "9"]
[EventCountry "HUN"]
[EventCategory "13"]
[SourceTitle "CBM 103"]
[Source "ChessBase"]
[SourceDate "2004.11.11"]
[SourceVersion "1"]
[SourceVersionDate "2004.11.11"]
[SourceQuality "1"]

1. e4 c5 2. Nf3 d6 3. d4 cxd4 4. Nxd4 Nf6 5. Nc3 a6 6. Be3 e6 7. g4 e5 8. Nf5
g6 9. g5 gxf5 10. exf5 d5 11. gxf6 d4 12. Bc4 Qc7 13. Qd3 dxc3 14. O-O-O Nc6
15. Qe4 $146 {[%mdl 8] Acs is uncorking a novelty in one of the most
irrational modern opening lines. Given enough time white would open up the e
file with horrible consequences.} (15. Rhe1 cxb2+ (15... Qd7 16. Bd5 Bb4 17.
bxc3 Ba3+ 18. Kb1 Na5 19. c4 Bb4 20. Bd2 Nc6 21. Bxb4 Nxb4 22. Rxe5+ Kd8 23.
Qe2 Kc7 24. Re7 {1-0 Hansen,L-Csonkics,T/Budapest 1994/ (32)}) (15... h5 16.
Bg5 Bb4 17. bxc3 Ba3+ 18. Kb1 b5 19. Bxf7+ Kxf7 20. Qd5+ Kf8 21. Rg1 Qf7 22.
Qxc6 Bb7 23. Qb6 {1-0 Hansen,L-Niklasch,O/Tastrup 1997/ (32)}) (15... b5 16.
Bd5 Bb7 17. Bxc6+ Bxc6 18. Bf4 cxb2+ 19. Kb1 Bd6 20. Qxd6 Qxd6 21. Rxd6 O-O 22.
Bh6 {1-0 Stopa,J-Warszawski,B/Polanczyk 2000/ (27)}) 16. Kb1 Bb4 17. c3 (17.
Rg1 Rf8 (17... b5 18. Bd5 Bb7 19. Bb6 Qd7 20. Qe4 Bc3 21. Be6 {1-0 Korneev,
O-Ballesteros,S/Barcelona 1996/ (21)}) 18. f4 exf4 19. Bxf4 Qxf4 20. Rge1+ Bxe1
21. Rxe1+ Be6 22. fxe6 Qd4 23. exf7+ Kd8 24. Qxd4+ Nxd4 25. Rd1 {1/2-1/2
Kotronias,V-Arnason,J/Reykjavik 1992/ (38)}) 17... Ba3 (17... Ba5 18. Bf4 Qd7
19. Qg3 Qxf5+ 20. Kxb2 Qg6 21. Qe3 Bc7 22. Rg1 Qxf6 23. Bh6 Na5 24. Bd5 Qb6+
25. Qxb6 Bxb6 26. Rg7 Be6 {0-1 Zontakh,A-Ilincic,Z/Bela Crkva 1996/ (37)}) 18.
Bf4 Qd7 19. Bd5 Qxd5 20. Qxd5 Bxf5+ 21. Rd3 O-O 22. Bh6 Rfd8 23. Rg1+ Kh8 24.
Bg7+ Kg8 25. Bh6+ Kh8 26. Bg7+ Kg8 27. Bh6+ {1/2-1/2 Sigurjonsson,G-Olafsson,H/
Neskaupstad 1984/ (27)}) (15. f4 b5 16. Bb3 cxb2+ 17. Kb1 Nb4 18. Bb6 Nxd3 19.
Bxc7 Ra7 20. Bb8 Rb7 21. Rxd3 e4 22. Re1 Bxf5 23. Bd5 Rb6 24. Bxe4 Bxe4 25.
Rxe4+ Re6 26. Bc7 {1-0 Kozakov,M-Ganin,M/Alushta 1999/ (26)}) 15... Rg8 $6 {
The whole defensive idea of activating rook from h8 seems to be time consuming.
Black king remains in the center where white pieces are concentrated.} (15...
cxb2+ 16. Kb1 Bd7 17. f4 O-O-O $17) 16. Kb1 (16. f4 Rg4 17. Kb1 Bd7 18. Rhg1
Rxg1 19. Rxg1 O-O-O $17) 16... h5 17. f4 Rg4 18. h3 Rg3 (18... Rh4 19. Rde1 $1
Bh6 (19... Bd7 20. Bf2 $16) 20. Qg2 Bxf5 21. Qg8+ Bf8 22. Qg5 Rxh3 23. Qxf5 $14
) 19. Bf2 Bxf5 (19... Rg8 20. fxe5 Nxe5 21. Bb6 Qxb6 22. Qxe5+ Be6 23. Bb3 $18)
20. Qxf5 Rf3 (20... Rg6 21. Bb6 Qc8 22. Bxf7+ Kxf7 23. Rd7+ Qxd7 (23... Be7 24.
fxe7+ Rf6 25. Qxh5+ $18) 24. Qxd7+ Kg8 25. Qxb7 $18) 21. Bb6 $1 {Simple shot,
that is underlining the cage like nature of the black's king confinement.} Rxf4
(21... Qc8 22. Qxh5 $18) 22. Qh7 (22. Qh7 Rc8 23. Bxc7 Rxc7 24. Bd5 $18) 1-0

[Event "EU-Cup 22nd"]
[Site "Fuegen"]
[Date "2006.10.13"]
[Round "6.3"]
[White "Borriss, Martin"]
[Black "Steingrimsson, Hedinn"]
[Result "1/2-1/2"]
[WhiteElo "2455"]
[BlackElo "2466"]
[Annotator "Ftacnik,L"]
[PlyCount "93"]
[EventDate "2006.10.08"]
[EventType "team-swiss"]
[EventRounds "7"]
[EventCountry "AUT"]
[SourceTitle "CBM 115"]
[Source "ChessBase"]
[SourceDate "2006.11.15"]
[SourceVersion "1"]
[SourceVersionDate "2006.11.15"]
[SourceQuality "1"]
[WhiteTeam "Berlin SF"]
[BlackTeam "Reykjavik CC"]
[WhiteTeamCountry "GER"]
[BlackTeamCountry "ISL"]

1. e4 c5 2. Nf3 d6 3. d4 cxd4 4. Nxd4 Nf6 5. Nc3 a6 6. Be3 e6 7. g4 e5 8. Nf5
g6 9. g5 gxf5 10. exf5 d5 11. Qf3 d4 12. O-O-O Nbd7 13. Bd2 dxc3 14. Bxc3 Qc7 {
Seemingly very irrational and athe same time extremely dangrous line for black.
White happily sacrifices material in order to get maximum activity for his
remaining pieces. Black has massive problems to sensibly develop his pieces.} (
14... Bg7 15. Rg1 O-O 16. gxf6 Qxf6 17. Qe3 Kh8 18. f4 Qb6 19. Qg3 Qh6 20. Rd6
f6 21. Bd2 e4 22. Bc4 b5 23. Be6 {1-0 Polgar,J (2677)-Anand,V (2781)/Dos
Hermanas 1999/ (34)}) 15. Bg2 (15. Bd3 Bd6 (15... Qb6 16. Rhe1 Bb4 17. Bxb4
Qxb4 18. gxf6 Qh4 19. Be4 Qh6+ 20. Kb1 Qxf6 21. Bxb7 Bxb7 22. Qxb7 Rd8 23. f4
Qxf5 24. fxe5 {1/2 Palac,M (2573)-Pinter,J (2556)/Pula 2000/ (53)}) 16. Rhe1
Rg8 17. gxf6 Nxf6 18. Bc4 Nd7 19. Bxf7+ Kxf7 20. Qh5+ Kg7 21. Rg1+ Kh8 22.
Rxg8+ Kxg8 23. Qe8+ Nf8 24. Rg1+ Kh8 25. Bxe5+ {1-0 Solovjov,S (2447)-Biriukov,
O (2407)/St Petersburg 1999/}) 15... Bg7 {Steingrimsson dreams about bringing
his king to relative safety. Completely against the grain of the position was
the move 15...Ng8!? with two extra pieces and even less development.} (15...
Ng8 $5 16. Rhe1 (16. f6 h6 17. Qh5 Bd6 18. Bd5 Nf8 $13) 16... Ne7 17. Rxd7 Qxd7
18. Rxe5 Rg8 19. f6 Qg4 $13) 16. gxf6 Bxf6 (16... Nxf6 17. Bxe5 $1 Qxe5 18.
Rhe1 $18) 17. Qg3 Qc4 (17... Rb8 18. Rhe1 Kf8 19. f4 Rg8 (19... exf4 20. Bb4+
Nc5 21. Bxc5+ Qxc5 22. Qxf4 $18) 20. Qh3 $14) 18. Rhe1 Qh4 $1 {Black at least
manages to exchange the queens taking the most dangerous attacker off the
board.} 19. f4 (19. Bxe5 $2 Nxe5 20. Rxe5+ Kf8 $19) 19... Qxg3 20. hxg3 O-O (
20... Rg8 21. fxe5 Bg5+ 22. Kb1 Nc5 23. e6 fxe6 24. Bf3 $14) 21. fxe5 Bg5+ 22.
Kb1 Re8 (22... Nc5 $6 23. Bb4 (23. g4 Re8 24. Bd4 Be7 $13) 23... Bxf5 24. Bxc5
Rac8 25. Bxf8 Bxc2+ 26. Ka1 Bxd1 27. Rxd1 Kxf8 28. Bxb7 Rd8 29. Rf1 $16) 23. b3
{For the sacrificed piece Borriss can claim two pawns and excellent control of
the center.} Ra7 (23... Nb8 $5 24. e6 fxe6 25. fxe6 Nc6 26. Rd6 $13) 24. Bd5 b6
$2 (24... Nc5 25. b4 $1 (25. g4 b5 $15) 25... Na4 26. Bd4 Rd8 27. Bxa7 Nc3+ 28.
Kb2 Nxd5 29. e6 $18) (24... Nb6 $1 25. Be4 Nd7 $1 26. Bd5 (26. e6 fxe6 27. Bd5
Nc5 28. Bd4 b6 29. b4 Rd8 $17) 26... Nb6 $11) 25. e6 $1 {Black had no right to
underestimate this crucial blow, white is simply winning.} fxe6 26. Rxe6 Kf8 (
26... Rxe6 27. fxe6 $18) 27. Bg7+ $1 Kxg7 (27... Kf7 28. Rg6+ Ke7 29. Re1+ Kd8
30. Rxe8+ Kxe8 31. Rxg5 $18) 28. Rxe8 Bb7 (28... Rc7 29. Be6 Kf6 30. Rd6 Ke5
31. Rc6 $1 Rxc6 32. Bxd7+ Kd6 33. Bxc6 $18) 29. Rg8+ {Very spirited and not
that difficult was the witty move 29.f6+! since the defender would find it
impossible to cope without heavy losses.} (29. f6+ $1 Kg6 (29... Bxf6 30. Rg8+
Kh6 31. Rh1+ $18) (29... Nxf6 30. Re7+ $18) (29... Kxf6 30. Rf1+ Kg6 31. Rg8+
Kh5 32. Bf7+ Kg4 33. Be6+ Kh5 34. Rf2 $18) 30. Rg8+ Kxf6 31. Rf1+ Ke7 32. Rxg5
$18) 29... Kf6 30. Bxb7 Rxb7 31. Rd6+ Ke5 (31... Kxf5 32. Rg7 $18) 32. Rxd7
Rxd7 33. Rxg5 Rd1+ (33... Kf6 34. Rh5 Rg7 35. Rh6+ Kxf5 36. Rxb6 Rxg3 37. Rh6
Rg7 38. Kc1 $18) 34. Kb2 Rg1 (34... Rh1 35. g4 Kf6 36. Rg8 $18) 35. Rh5 Rxg3
36. Rxh7 Kxf5 (36... Rg8 37. Ra7 a5 38. Rb7 $18) 37. Rh6 Rg6 $8 {Very painful
move for black since the pawn endgame is surely lost, but losing another pawn
was out of question.} 38. Rxg6 Kxg6 39. Kc3 Kf5 40. Kd4 Ke6 41. c4 Kd6 (41...
a5 42. c5 $18) 42. b4 Kc6 (42... Ke6 43. c5 Kd7 44. Kd5 bxc5 45. bxc5 Kc7 46.
c6 $18) 43. Ke5 a5 44. bxa5 $4 {[%mdl 8192] Terrible blunder throws away the
win, any other sensible move wins without effort.} (44. b5+ Kc5 45. a4 Kxc4 (
45... Kb4 46. Kd5 Kxa4 47. c5 Kxb5 48. c6 Ka6 49. Kd6 $18) 46. Kd6 Kb4 47. Kc6
Kxa4 48. Kxb6 Kb4 49. Kc6 a4 50. b6 $18) (44. a3 axb4 45. axb4 Kd7 46. Kd5 Kc7
47. Ke6 Kc6 48. b5+ $18) 44... b5 $1 45. a4 bxc4 (45... bxa4 $2 46. Kd4 a3 47.
Kc3 $18) 46. a6 Kb6 47. a7 1/2-1/2